000 00322 a2200169 4500
001 186717
020 _a85-260-0621-5
040 _cMagnum
100 _aFurnari, Eva
240 1 0 _aNós
_lpor
245 1 0 _aNós
300 _a30
362 0 _a1999
440 1 _aGlobal
697 _aLITERATURA INFANTO
942 _cBK
999 _c186717
_d186717